[Event "St Petersburg Summer op"]
[Site "St Petersburg"]
[Date "2016.08.23"]
[Round "7"]
[White "Afanasiev, Nikita A"]
[Black "Bobolev, Stanislav"]
[Result "0-1"]
[WhiteElo "1716"]
[BlackElo "1604"]
[PlyCount "134"]
[EventDate "2016.08.17"]
[EventType "swiss"]
[EventRounds "9"]
[EventCountry "RUS"]
[SourceTitle "CBM 174 Extra"]
[Source "ChessBase"]
[SourceDate "2016.10.10"]
[SourceVersion "1"]
[SourceVersionDate "2016.10.10"]
[SourceQuality "1"]

1. e4 e5 2. Nf3 Nf6 3. Nxe5 d6 4. Nf3 Nxe4 5. d4 d5 6. Bf4 Bd6 7. Qc1 0-0 8. Be2 Nc6 9. 0-0 Nb4 10. a3 Bxf4 11. Qxf4 Nxc2 12. Ra2 c5 13. dxc5 Qa5 14. Nbd2 Be6 15. b3 Nc3 16. Bd3 Nxa2 17. Bxc2 Qxc5 18. Nd4 Nc3 19. Qh4 Ne2+ 20. Kh1 h6 21. N2f3 Nxd4 22. Nxd4 Qxa3 23. f4 Qa6 24. Rd1 Bd7 25. g4 f5 26. Qe7 Rf7 27. Qe5 Re8 28. Qxd5 Bc6 29. Nxc6 Qxc6 30. Qxc6 bxc6 31. Bxf5 Rfe7 32. Rd3 Re1+ 33. Kg2 Kf8 34. Rd7 Rb8 35. Bg6 Re3 36. Rf7+ Kg8 37. Rxa7 Kh8 38. Ra6 Rexb3 39. Rxc6 R3b6 40. Rxb6 Rxb6 41. f5 Kg8 42. Kg3 Kf8 43. Kf3 Rb3+ 44. Kg2 Ke7 45. Kf2 Kf6 46. Be8 Kg5 47. Ba4 Rc3 48. Bd1 Kf4 49. Kg2 Rd3 50. Be2 Rd2 51. Kf2 Rb2 52. h3 Rc2 53. h4 Rb2 54. g5 hxg5 55. hxg5 Kxg5 56. Ke1 Kxf5 57. Kd1 Kf4 58. Bd3 g5 59. Kc1 Rf2 60. Kb1 g4 61. Ka1 Ke3 62. Bg6 g3 63. Bh7 g2 64. Bb1 Kd4 65. Bg6 Kc3 66. Bb1 Rb2 67. Bc2 g1R+ 0-1

[Event "St Petersburg Summer op"]
[Site "St Petersburg"]
[Date "2016.08.22"]
[Round "6"]
[White "Smirnov, Dmitrii"]
[Black "Afanasiev, Nikita A"]
[Result "1/2-1/2"]
[WhiteElo "1569"]
[BlackElo "1716"]
[PlyCount "70"]
[EventDate "2016.08.17"]
[EventType "swiss"]
[EventRounds "9"]
[EventCountry "RUS"]
[SourceTitle "CBM 174 Extra"]
[Source "ChessBase"]
[SourceDate "2016.10.10"]
[SourceVersion "1"]
[SourceVersionDate "2016.10.10"]
[SourceQuality "1"]

1. e4 Nf6 2. Nc3 d5 3. exd5 Nxd5 4. Nxd5 Qxd5 5. Nf3 Nc6 6. d4 Bg4 7. Be2 0-0-0 8. Be3 e5 9. c4 Qd6 10. d5 Ne7 11. Qa4 Bxf3 12. c5 Qd7 13. c6 Nxc6 14. Bxf3 Ne7 15. Qxa7 Qb5 16. Rc1 Kd7 17. d6 cxd6 18. Bxb7 Ke6 19. Ba6 Qb4+ 20. Bd2 Qe4+ 21. Qe3 Qxg2 22. Rf1 Nf5 23. Bc8+ Rxc8 24. Qb3+ d5 25. Rxc8 Qe4+ 26. Kd1 Nd4 27. Qe3 Qb1+ 28. Rc1 Qxb2 29. Bc3 Qb5 30. Kd2 Bb4 31. Rfe1 Kd7 32. Rb1 Qa4 33. Qh3+ f5 34. Bxb4 Qc2+ 35. Ke3 Qe4+ 1/2-1/2